• 首页
  • 本馆介绍
  • 公告通知
  • 最新文献
  • 馆藏检索
  • 电子资源
  • 读者导购
  • 参考咨询
  • 我的图书馆
  • 登录
  • 详细信息显示
  • 放入我的书架
  • 预约/预借图书
  • 作者相关作品
  • 分类相关作品
  • 丛书相关作品
  • 出版社相关作品

书目信息

  • 表格格式
  • 工作单格式
  • 卡片格式
题名:
伊拉克风云二十年
    
 
作者: 水均益 主编
分册:  
出版信息: 北京   中国广播电视出版社  2003.03
页数: 151页
开本: 21cm
丛书名:
单 册:
中图分类: J235.2
科图分类:
主题词: 绘画--世界 , 绘画--各国
电子资源:
ISBN: 7-5043-4004-9
000 00641nam0 2200217 450
001 0334778901
005 20031218093938.21
010    @a7-5043-4004-9@dCNY12.00
100    @a20031218d2003 km y0chiy0120 ea
101 0  @achi
102    @aCN@b110000
200 1  @a伊拉克风云二十年@Ayi la ke feng yun er shi nian@f水均益等主编@Fshui jun yi deng zhu bian
210    @a北京@c中国广播电视出版社@d2003.03
215    @a151页@d21cm
300    @aCCTV中央电视台《东方时空·世界》
606 0  @a绘画@x世界
606 0  @a绘画@y各国
690    @aJ235.2@v4
701  0 @a水均益@Ashui jun yi@4主编
801  0 @aCN@bPFT@c20031218
905    @aBZT@dJ235.2@e1@f6
    
    伊拉克风云二十年/水均益等主编.-北京:中国广播电视出版社,2003.03
    151页;21cm
    CCTV中央电视台《东方时空·世界》
    
    ISBN 7-5043-4004-9:CNY12.00
    
●
相关链接 在五车中查询图书 在当当中查询图书 在豆瓣中查询图书


正题名:伊拉克风云二十年     索取号:J235.2/1         预约/预借

序号 登录号 条形码 馆藏地/架位号 状态 备注
1 0348497   201349264   样本书库/样002架B面2层2列/ [索取号:J235.2/1] 在馆    
2 0348498   201349184   中心书库中库/ 中库020架A面3列4层50/ [索取号:J235.2/1] 在馆    
3 0348499   201349193   中心书库中库/ 中库021架A面1列3层22/ [索取号:J235.2/1] 在馆    
4 0348500   201349219   中心书库中库/ 中库018架A面4列4层2/ [索取号:J235.2/1] 在馆    
5 0348501   201349200   中心书库中库/ 中库018架A面4列4层1/ [索取号:J235.2/1] 在馆    
6 0348502   201349237   中心书库中库/ 中库018架A面4列4层3/ [索取号:J235.2/1] 在馆    
山东省滨州职业学院图书馆 欢迎您!
大连网信软件有限公司© 版权所有